000
00260nam a2200109Ia 4500
008
220120s9999||||xx |||||||||||||| ||und||
082
_a
003.78 KOV
100
_a
Kovic, Milan
_9
11430
245
0
_a
Operating systems
260
_b
New Delhi
300
_a
756p.
_b
195
999
_c
136357
_d
136357